000 00761nam a2200253Ia 4500
003 OSt
005 20220930072930.0
006 a|||||r|||| 00| 0
007 ta
008 220926b |||||||| |||| 00| 0 eng d
024 _a25710
037 _cTheses
040 _aCRL
_cCRL
_beng
041 _2eng
_aeng
100 _aAnuradha
_9389912
110 _aUniversity of Delhi. Faculty of Mathematical Sciences. Department of Mathematics
245 0 _aStudy of quasidiagonal operators
260 _c1999
650 _aMATHEMATICS
700 _a Arora S C Supervisor
_9530727
700 _aUniversity of Delhi. Faculty of Mathematical Sciences. Department of Mathematics
942 _cDIS
_2CC
999 _c864477
_d864477